000 00893cam a2200217 4500
001 WB3825-15
008 020710n2002 000 0 eng u
035 _a(Sirsi) u118773
245 _aOccupiers' liability.
260 _c2002
490 _aEstates Gazette
_v[2002] 27 EG 142 (CS) (6/7/02)
520 _a"Peskett v Portsmouth CC" CA 25 June 2002 Respondent (A) had tripped on path maintained by appellant council (B), whilst taking short cut not using path itself, and claimed for breach of duty of care. Claim allowed, but 50% finding of contributory negligence by A. B appealed contending 75% contributory negligence as path itself was sound. Appeal dismissed.
590 _aWB
650 _aCONTRIBUTORY NEGLIGENCE
650 _aDUTY OF CARE
650 _aOCCUPIERS' LIABILITY
650 _aPATHWAY
650 _aPESKETT V PORTSMOUTH CC
690 _aPROPERTY
942 _n0
999 _c70710
_d70710